Bayan Elma (Record no. 3945)

000 -LEADER
fixed length control field 00533nam a22001937a 4500
008 - FIXED-LENGTH DATA ELEMENTS--GENERAL INFORMATION
fixed length control field 191017b o|||| |||| 00| p eng d
020 ## - INTERNATIONAL STANDARD BOOK NUMBER
International Standard Book Number 9755700471
041 ## - LANGUAGE CODE
Language code of text/sound track or separate title Türkçe
050 ## - LIBRARY OF CONGRESS CALL NUMBER
Classification number PL248.T8732
100 ## - MAIN ENTRY--PERSONAL NAME
9 (RLIN) 473
Personal name Turgut, Engin
245 ## - TITLE STATEMENT
Title Bayan Elma
Statement of responsibility, etc. Tasarım : Savaş Çekiç
250 ## - EDITION STATEMENT
Edition statement 1.Baskı
260 ## - PUBLICATION, DISTRIBUTION, ETC.
Place of publication, distribution, etc. İstanbul:
Name of publisher, distributor, etc. No27 Yayıncılık,
Date of publication, distribution, etc. Ekim 1997
300 ## - PHYSICAL DESCRIPTION
Extent 75 Sayfa
500 ## - GENERAL NOTE
General note No27 Yayıncılık ; 3
Şiir No; 2
650 #0 - SUBJECT ADDED ENTRY--TOPICAL TERM
9 (RLIN) 145
Topical term or geographic name entry element Türk Edebiyatı
700 ## - ADDED ENTRY--PERSONAL NAME
9 (RLIN) 1755
Personal name Çekiç, Savaş
942 ## - ADDED ENTRY ELEMENTS (KOHA)
Source of classification or shelving scheme
Koha item type Books
Holdings
Withdrawn status Lost status Source of classification or shelving scheme Damaged status Not for loan Permanent Location Current Location Shelving location Date acquired Full call number Barcode Date last seen Price effective from Koha item type
        Ödünç verilemez İmren Ahmet Tüzün Kütüphanesi İmren Ahmet Tüzün Kütüphanesi Ahmet Tüzün 2019-10-17 PL248.T8732 100100004213 2019-10-17 2019-10-17 Books

This software was implemented, installed and managed by Devinim Software Training Consulting .